[Event "Lliga Catalana DH"]
[Site "?"]
[Date "2015.02.28"]
[Round "6.8"]
[White "Casanellas Ruano, L."]
[Black "Luna Cortes, L."]
[Result "0-1"]
[WhiteElo "2272"]
[BlackElo "2309"]
[PlyCount "94"]
[EventDate "2015.??.??"]
[EventType "team"]

1. d4 d5 2. c4 e6 3. Nc3 Nf6 4. Bg5 Be7 5. e3 h6 6. Bh4 b6 7. Nf3 Bb7 8. Qa4+
c6 9. Bxf6 Bxf6 10. cxd5 exd5 11. Be2 O-O 12. O-O Re8 13. Rfc1 a6 14. b4 b5 15.
Qb3 Nd7 16. Ne1 Nb6 17. Nd3 Nc4 18. Nc5 Bc8 19. a4 Rb8 20. axb5 axb5 21. Ra7
Be7 22. Rd1 Bd6 23. Bf3 Qg5 24. Ne2 h5 25. Kh1 Qh4 26. g3 Qf6 27. e4 Bg4 28.
Bxg4 Bxc5 29. dxc5 hxg4 30. Nf4 Rxe4 31. h4 Rbe8 32. Kg2 Ne5 33. Rda1 Nf3 34.
Ra8 Rxa8 35. Rxa8+ Kh7 36. h5 Re1 37. Qc2+ g6 38. hxg6+ Kh6 39. Ne2 Rg1+ 40.
Nxg1 Ne1+ 41. Kf1 Nxc2 42. gxf7 Qxf7 43. Rh8+ Kg7 44. Rh4 Qf5 45. Ne2 d4 46.
Nf4 d3 47. Rh5 Qe4 0-1

[Event "Lliga Catalana DH"]
[Site "?"]
[Date "2015.02.28"]
[Round "6.9"]
[White "Llobet Reus, P."]
[Black "Colls Gelaberto, E."]
[Result "1/2-1/2"]
[WhiteElo "2288"]
[BlackElo "2238"]
[PlyCount "43"]
[EventDate "2015.??.??"]
[EventType "team"]

1. e4 c6 2. d4 d5 3. e5 Bf5 4. Ne2 e6 5. Ng3 Bg6 6. h4 h6 7. h5 Bh7 8. Bd3 Bxd3
9. cxd3 Qb6 10. Be3 Qxb2 11. Nd2 Qa3 12. O-O Qxd3 13. Rb1 Qa6 14. f4 Nd7 15. f5
O-O-O 16. fxe6 fxe6 17. Qg4 c5 18. dxc5 Nxe5 19. Qd4 Nc6 20. Qg4 Ne5 21. Qd4
Nc6 22. Qg4 1/2-1/2

[Event "Lliga Catalana DH"]
[Site "?"]
[Date "2015.02.28"]
[Round "6.10"]
[White "Parals Marce, L."]
[Black "Monclus Domingo, A."]
[Result "0-1"]
[WhiteElo "2172"]
[BlackElo "2277"]
[PlyCount "104"]
[EventDate "2015.??.??"]
[EventType "team"]

1. Nf3 d6 2. g3 g6 3. c4 c5 4. Bg2 Bg7 5. O-O Nc6 6. Nc3 Nf6 7. d4 cxd4 8. Nxd4
Nxd4 9. Qxd4 O-O 10. Qd2 Rb8 11. Rd1 b6 12. b3 Bb7 13. Bb2 Bxg2 14. Kxg2 Qd7
15. f3 Rfc8 16. e4 Rc5 17. Ne2 b5 18. e5 Ne8 19. Bd4 Rc6 20. cxb5 Rxb5 21. Nc3
Rb8 22. Qe3 Rbc8 23. f4 Rxc3 24. Bxc3 Qc6+ 25. Kf1 Qxc3 26. Qxc3 Rxc3 27. Rac1
Rxc1 28. Rxc1 dxe5 29. Rc8 Kf8 30. Ra8 exf4 31. Rxa7 fxg3 32. hxg3 Bd4 33. Rd7
e5 34. a4 Nf6 35. Rb7 Ne4 36. a5 f5 37. Kg2 Nd2 38. b4 f4 39. gxf4 exf4 40.
Rxh7 f3+ 41. Kg3 f2 42. Rh4 f1=Q 43. Rf4+ Ke7 44. Rxf1 Nxf1+ 45. Kf3 Bc3 46. a6
Bd4 47. b5 Bb6 48. Ke4 Ke6 49. Kf4 Nd2 50. Kg5 Kf7 51. Kf4 Kf6 52. Kg4 g5 0-1

[Event "Lliga Catalana DH"]
[Site "?"]
[Date "2015.02.28"]
[Round "6.1"]
[White "Herraiz Hidalgo, H."]
[Black "Cuartas Medina, JA."]
[Result "1/2-1/2"]
[WhiteElo "2473"]
[BlackElo "2541"]
[PlyCount "132"]
[EventDate "2015.??.??"]
[EventType "team"]

1. d4 Nf6 2. Nf3 c5 3. c4 cxd4 4. Nxd4 Nc6 5. Nc3 g6 6. e4 Bg7 7. Be3 O-O 8.
Be2 b6 9. f4 Nxd4 10. Bxd4 d6 11. Bf3 Bb7 12. O-O Qc7 13. Rc1 Rac8 14. Nb5 Qb8
15. e5 dxe5 16. Bxe5 Qa8 17. b3 Rfd8 18. Qe2 Rd7 19. Bxb7 Qxb7 20. Rcd1 Rcd8
21. Nc3 e6 22. Rxd7 Rxd7 23. Rd1 h5 24. Rxd7 Qxd7 25. Qd1 Qxd1+ 26. Nxd1 Ne4
27. Bb8 a6 28. Bc7 Bd4+ 29. Kf1 f5 30. Ke2 Kf7 31. b4 Ke7 32. Kd3 Bg1 33. h3 g5
34. fxg5 Nxg5 35. Nc3 Kd7 36. Bg3 Kc6 37. Ne2 Ne4 38. Be1 Bh2 39. g4 hxg4 40.
hxg4 Be5 41. gxf5 exf5 42. Nd4+ Bxd4 43. Kxd4 Ng5 44. Bg3 Nf3+ 45. Ke3 Ng5 46.
Kd4 b5 47. cxb5+ axb5 48. Ke5 Nf3+ 49. Kxf5 Kd5 50. Kf4 Nd4 51. Bf2 Nc2 52. Bc5
Kc4 53. Ke4 Na3 54. Bf8 Nb1 55. Ke3 Nc3 56. Kd2 Nxa2 57. Kc2 Nxb4+ 58. Bxb4
Kxb4 59. Kb2 Ka4 60. Ka2 b4 61. Kb2 b3 62. Kb1 Kb4 63. Kb2 Kc4 64. Kb1 Kc3 65.
Kc1 b2+ 66. Kb1 Kb3 1/2-1/2

[Event "Lliga Catalana DH"]
[Site "?"]
[Date "2015.02.28"]
[Round "6.2"]
[White "Matnadze, A."]
[Black "Amigo Vilalta, J."]
[Result "1/2-1/2"]
[WhiteElo "2499"]
[BlackElo "2341"]
[PlyCount "93"]
[EventDate "2015.??.??"]
[EventType "team"]

1. d4 d5 2. g3 Nf6 3. Bg2 c6 4. Nf3 Bg4 5. O-O Nbd7 6. a4 a5 7. c4 e6 8. Nc3
Be7 9. Bg5 O-O 10. Qb3 h6 11. Bxf6 Bxf6 12. cxd5 cxd5 13. Nb5 Qb6 14. e3 Be7
15. Rfc1 Rfc8 16. Ne1 Bf5 17. Nd3 Rc6 18. Bf1 Rac8 19. Qd1 Bxd3 20. Bxd3 Rxc1
21. Rxc1 Rxc1 22. Qxc1 Qc6 23. Qc2 Qxc2 24. Bxc2 f5 25. f3 Nf6 26. Kf2 Kf7 27.
Nc3 Bb4 28. Na2 Bd6 29. Nc1 g5 30. Nd3 Nd7 31. Ke2 Ke7 32. Nf2 Nf6 33. e4 fxe4
34. fxe4 dxe4 35. Nxe4 Nxe4 36. Bxe4 b6 37. Kf3 Bb4 38. Bc2 Bd2 39. g4 Bc1 40.
b3 Bb2 41. Ke4 Kf6 42. Bd3 Bc3 43. Bc4 Be1 44. h3 Bf2 45. d5 exd5+ 46. Kxd5 Bc5
47. Ke4 1/2-1/2

[Event "Lliga Catalana DH"]
[Site "?"]
[Date "2015.02.28"]
[Round "6.3"]
[White "Canal Oliveras, J."]
[Black "Exposito Amaro, J."]
[Result "1-0"]
[WhiteElo "2339"]
[BlackElo "2436"]
[PlyCount "65"]
[EventDate "2015.??.??"]
[EventType "team"]

1. d4 Nf6 2. Bg5 c5 3. Bxf6 exf6 4. Nc3 d5 5. e3 Be6 6. Nge2 Nc6 7. g3 cxd4 8.
exd4 Bb4 9. Bg2 Qd7 10. O-O h5 11. Nf4 O-O-O 12. Ncxd5 h4 13. Nxb4 Nxb4 14. a3
Nd5 15. Nxe6 fxe6 16. Re1 hxg3 17. hxg3 f5 18. Qf3 g5 19. c4 g4 20. Qb3 Nf6 21.
Rxe6 Ne4 22. Rxe4 fxe4 23. Bxe4 Qf7 24. Qd3 Rdf8 25. Qe3 Qh5 26. Re1 Re8 27.
Qf4 Qh2+ 28. Kf1 Qh3+ 29. Bg2 Rxe1+ 30. Kxe1 Qh7 31. Qxg4+ Kb8 32. Qe4 Qd7 33.
Qe5+ 1-0

[Event "Lliga Catalana DH"]
[Site "?"]
[Date "2015.02.28"]
[Round "6.4"]
[White "Cervello Tost, F."]
[Black "Dalo, H."]
[Result "1/2-1/2"]
[WhiteElo "2318"]
[BlackElo "2312"]
[PlyCount "152"]
[EventDate "2015.??.??"]
[EventType "team"]

1. Nf3 Nf6 2. g3 g6 3. Bg2 Bg7 4. O-O O-O 5. d4 d6 6. c4 c6 7. Nc3 Bg4 8. h3
Bxf3 9. Bxf3 Nbd7 10. b4 e5 11. e3 exd4 12. exd4 Nb6 13. Qb3 Qd7 14. c5 dxc5
15. bxc5 Nbd5 16. Nxd5 Nxd5 17. Bxd5 cxd5 18. Be3 Rae8 19. Kg2 Re4 20. Rfd1 f5
21. Rab1 Rf7 22. Rb2 h6 23. Rdb1 Qc6 24. Qa3 f4 25. Bxf4 Bxd4 26. Qxa7 Bxb2 27.
Rxb2 Kh7 28. Qb8 d4 29. f3 Re8 30. Qd6 g5 31. Qxc6 bxc6 32. Bd6 Ra7 33. g4 d3
34. Kf2 Ra4 35. Rd2 Re2+ 36. Rxe2 dxe2 37. Kxe2 Rxa2+ 38. Ke3 Ra1 39. Kf2 Rh1
40. Kg2 Rc1 41. Kg3 Rc3 42. Be7 Kg6 43. Bf8 Kf7 44. Bxh6 Rxc5 45. h4 gxh4+ 46.
Kxh4 Kg6 47. Bf8 Rc3 48. Kg3 c5 49. Kf4 c4 50. Ke4 Rd3 51. f4 Rg3 52. Bd6 Kf7
53. g5 c3 54. f5 Rxg5 55. Kd3 Rxf5 56. Kxc3 Ke6 57. Bb8 Rb5 58. Bf4 Kd5 59. Kd3
Rb3+ 60. Ke2 Ke4 61. Bc7 Rb2+ 62. Kf1 Kf3 63. Kg1 Rc2 64. Bd6 Rg2+ 65. Kh1 Rg6
66. Bc7 Rc6 67. Bb8 Kf2 68. Ba7+ Kf1 69. Bb8 Rc8 70. Be5 Rc5 71. Bb8 Rh5+ 72.
Bh2 Rb5 73. Bg3 Rb2 74. Be5 Rb5 75. Bg3 Rh5+ 76. Bh2 Kf2 1/2-1/2

[Event "Lliga Catalana DH"]
[Site "?"]
[Date "2015.02.28"]
[Round "6.5"]
[White "Vera Pons, F."]
[Black "Ayza Leon, D."]
[Result "1/2-1/2"]
[WhiteElo "2314"]
[BlackElo "2305"]
[PlyCount "91"]
[EventDate "2015.??.??"]
[EventType "team"]

1. e4 e5 2. Nf3 Nc6 3. Bb5 a6 4. Bxc6 dxc6 5. Nc3 Bc5 6. d3 Bg4 7. h3 Bh5 8.
Be3 Bxe3 9. fxe3 Qd6 10. Qd2 f6 11. Nh4 Ne7 12. g4 Bf7 13. O-O-O O-O-O 14. Rhg1
g5 15. Nf5 Nxf5 16. exf5 h5 17. Rh1 c5 18. Qf2 Qc6 19. e4 c4 20. dxc4 Qxc4 21.
Qa7 c6 22. Qb6 Rd4 23. Qb3 Rxd1+ 24. Rxd1 Qxb3 25. axb3 hxg4 26. hxg4 Kc7 27.
Kd2 Rh2+ 28. Ne2 c5 29. Ke3 Be8 30. Rd2 Bc6 31. Ng3 Rh3 32. Kf2 Be8 33. Kg2 Rh4
34. Kf3 Rh7 35. Nf1 Rh3+ 36. Ng3 Bf7 37. Kg2 Rh4 38. Kf3 b5 39. Nf1 c4 40. b4
Rh1 41. Kg2 Rh8 42. Kg3 Be8 43. Rh2 Rxh2 44. Kxh2 Bc6 45. Ng3 Kd6 46. Kg2
1/2-1/2

[Event "Lliga Catalana DH"]
[Site "?"]
[Date "2015.02.28"]
[Round "6.6"]
[White "Capellades Subirana, M."]
[Black "Ballesteros Collazos, S."]
[Result "1/2-1/2"]
[WhiteElo "2295"]
[BlackElo "2309"]
[PlyCount "31"]
[EventDate "2015.??.??"]
[EventType "team"]

1. e4 c5 2. Nf3 d6 3. d4 cxd4 4. Nxd4 Nf6 5. Nc3 a6 6. a4 e5 7. Nde2 h5 8. Bg5
Be7 9. Bxf6 Bxf6 10. Nd5 Bg5 11. h4 Bh6 12. a5 Be6 13. Nb6 Ra7 14. Qd3 Nc6 15.
Qa3 g6 16. Nc3 1/2-1/2

[Event "Lliga Catalana DH"]
[Site "?"]
[Date "2015.02.28"]
[Round "6.7"]
[White "Martin Grillo, R."]
[Black "Serra Fontova, F."]
[Result "1-0"]
[WhiteElo "2303"]
[BlackElo "2272"]
[PlyCount "57"]
[EventDate "2015.??.??"]
[EventType "team"]

1. e4 e5 2. Nf3 d6 3. d4 exd4 4. Nxd4 g6 5. Nc3 Bg7 6. Be3 Nf6 7. Qd2 O-O 8.
O-O-O Nc6 9. f3 d5 10. Nxc6 bxc6 11. exd5 cxd5 12. Nxd5 Nxd5 13. Qxd5 Qf6 14.
c3 Bf5 15. Bd3 c6 16. Qc5 Bxd3 17. Rxd3 Qe6 18. Kb1 Rab8 19. Rd6 Qe7 20. Rxc6
Qd7 21. Bd4 Rfe8 22. Rc7 Qe6 23. Bxg7 Qe2 24. b3 Qd3+ 25. Ka1 Re2 26. Bf6 Rbe8
27. Qc4 Rxa2+ 28. Kxa2 Re2+ 29. Ka1 1-0

[Event "Lliga Catalana DH"]
[Site "?"]
[Date "2015.02.28"]
[Round "6.8"]
[White "Garcia Ramos, D."]
[Black "Juan Bartroli, P."]
[Result "1/2-1/2"]
[WhiteElo "2260"]
[BlackElo "2288"]
[PlyCount "99"]
[EventDate "2015.??.??"]
[EventType "team"]

1. e4 c6 2. d4 d5 3. Nc3 dxe4 4. Nxe4 Bf5 5. Nc5 Nd7 6. Bd3 Bxd3 7. Nxd3 Ngf6
8. Nf3 e6 9. O-O Be7 10. c4 O-O 11. b3 Qa5 12. Re1 Rad8 13. Qe2 Rfe8 14. Bd2
Qc7 15. Rad1 c5 16. Nde5 Nxe5 17. dxe5 Nd7 18. Bc3 Nb8 19. Rxd8 Rxd8 20. Rd1
Nc6 21. Rd2 b6 22. g3 Rd7 23. Qd1 Rxd2 24. Qxd2 Qd8 25. Qxd8+ Bxd8 26. Kf1 f5
27. Ne1 g5 28. f4 Kf7 29. Ke2 h5 30. Kf3 g4+ 31. Ke2 h4 32. Nd3 h3 33. Ne1 Be7
34. Nc2 a6 35. a4 Ke8 36. Kd3 Kd7 37. Be1 Na7 38. Na3 Kc6 39. Bf2 Bd8 40. Be1
b5 41. axb5+ axb5 42. Nxb5 Nxb5 43. cxb5+ Kxb5 44. Bd2 Bb6 45. Be1 c4+ 46.
bxc4+ Ka4 47. Ke2 Kb3 48. Bf2 Bxf2 49. Kxf2 Kxc4 50. Kg1 1/2-1/2

[Event "Lliga Catalana DH"]
[Site "?"]
[Date "2015.02.28"]
[Round "6.9"]
[White "Serrano Aspa, X."]
[Black "Ezquerro Luque, A."]
[Result "1-0"]
[WhiteElo "2262"]
[BlackElo "2257"]
[PlyCount "117"]
[EventDate "2015.??.??"]
[EventType "team"]

1. b3 d6 2. e3 Nd7 3. Bb2 e5 4. d4 Ne7 5. dxe5 Nxe5 6. Nf3 N7g6 7. Be2 Be7 8.
Nxe5 dxe5 9. Qxd8+ Bxd8 10. Nd2 Bf5 11. g4 Be6 12. Bf3 Rb8 13. Ne4 Be7 14.
O-O-O O-O 15. Ng3 c5 16. Nf5 Bf6 17. Be4 b5 18. h4 Bxf5 19. gxf5 Ne7 20. Rhg1
Rfd8 21. f4 Rxd1+ 22. Kxd1 Rd8+ 23. Ke2 Nc8 24. fxe5 Bxh4 25. e6 f6 26. Bc6 b4
27. c3 Ne7 28. Be4 a5 29. cxb4 axb4 30. Rc1 Rc8 31. a3 g6 32. fxg6 hxg6 33.
axb4 cxb4 34. Rxc8+ Nxc8 35. Bxg6 Kf8 36. Bd4 Ke7 37. Bf5 Bg3 38. Kd3 Bd6 39.
Kc4 Kd8 40. Bxf6+ Kc7 41. Be4 Nb6+ 42. Kb5 Nc8 43. Bd4 Be7 44. Bc5 Nd6+ 45.
Kxb4 Bg5 46. Bg6 Nc8 47. e4 Ne7 48. Be8 Nc8 49. Ba4 Nd6 50. e5 Nc8 51. Kc4 Ne7
52. b4 Ng6 53. b5 Nxe5+ 54. Kd5 Ng6 55. b6+ Kb8 56. Bc6 Ne7+ 57. Kd6 Nc8+ 58.
Kd7 Bh4 59. b7 1-0

[Event "Lliga Catalana DH"]
[Site "?"]
[Date "2015.02.28"]
[Round "6.10"]
[White "Subirachs Mancebo, G."]
[Black "Vigo Allepuz, D."]
[Result "1/2-1/2"]
[WhiteElo "2212"]
[BlackElo "2137"]
[PlyCount "77"]
[EventDate "2015.??.??"]
[EventType "team"]

1. e4 e6 2. b3 d5 3. Bb2 Nf6 4. e5 Nfd7 5. f4 c5 6. Qg4 Nc6 7. Nf3 h5 8. Qh3 g6
9. Be2 Bg7 10. O-O a6 11. d4 cxd4 12. Kh1 Qb6 13. Nbd2 Bh6 14. Qg3 Nc5 15. Nxd4
Na4 16. Nxc6 Nxb2 17. Rab1 bxc6 18. Rxb2 a5 19. a4 Rb8 20. Rbb1 Ba6 21. Bxa6
Qxa6 22. Nf3 Rb4 23. Ng5 c5 24. Qf3 Qb7 25. Qe3 Bf8 26. Rbd1 Be7 27. Qh3 Qa6
28. c4 Bxg5 29. fxg5 Qb7 30. Qf3 d4 31. Qxb7 Rxb7 32. Rd3 O-O 33. Kg1 Rfb8 34.
Rff3 Kg7 35. Kf2 h4 36. h3 Rh8 37. Rf4 Rh5 38. Rg4 Rh8 39. Rf4 1/2-1/2

[Event "Lliga Catalana DH"]
[Site "?"]
[Date "2015.02.28"]
[Round "6.1"]
[White "Valdes Romero, L."]
[Black "Rakhmanov, A."]
[Result "0-1"]
[WhiteElo "2472"]
[BlackElo "2598"]
[PlyCount "112"]
[EventDate "2015.??.??"]
[EventType "team"]

1. Nf3 Nf6 2. c4 g6 3. g3 Bg7 4. Bg2 O-O 5. Nc3 c6 6. d4 d5 7. Qb3 Qb6 8. O-O
Be6 9. Ng5 dxc4 10. Qa4 Qa6 11. Nxe6 fxe6 12. Bh3 Kf7 13. Qc2 Nbd7 14. Ne4 h6
15. Bd2 Qb5 16. a4 Qh5 17. Bg2 Nxe4 18. Bf3 Qh3 19. Bxe4 Bxd4 20. Qxc4 Bf6 21.
Bg2 Qh5 22. Qb3 Rfd8 23. Bf3 Nc5 24. Qc4 Qf5 25. Be3 Nd7 26. Qb3 Ne5 27. Bg2
Ng4 28. Rad1 Qh5 29. h3 Nxe3 30. Qxe3 Qe5 31. Qc1 Qxb2 32. Qxh6 Qxe2 33. Qc1 a5
34. Rde1 Qd2 35. Qc4 Rd6 36. Re4 Qd3 37. Qc1 Rad8 38. Rfe1 Qc3 39. Qf4 Rd1 40.
Rxd1 Rxd1+ 41. Kh2 e5 42. Qg4 Rd4 43. h4 Qd2 44. h5 Qh6 45. Rxd4 exd4 46. Bh3
Qxh5 47. Qd7 Qd5 48. Qxb7 d3 49. f4 Qd4 50. Kg2 c5 51. Qc8 Qd5+ 52. Kh2 c4 53.
Bd7 d2 54. Be8+ Kg7 55. Qg4 d1=Q 56. Qxg6+ Kf8 0-1

[Event "Lliga Catalana DH"]
[Site "?"]
[Date "2015.02.28"]
[Round "6.2"]
[White "Moskalenko, V."]
[Black "Garriga Cazorla, P."]
[Result "0-1"]
[WhiteElo "2589"]
[BlackElo "2416"]
[PlyCount "156"]
[EventDate "2015.??.??"]
[EventType "team"]

1. d4 Nf6 2. Bg5 g6 3. Bxf6 exf6 4. c4 h5 5. Nc3 Bh6 6. e3 d6 7. Bd3 f5 8. Nge2
Nd7 9. Qc2 Nf6 10. g3 c6 11. O-O-O O-O 12. Kb1 a6 13. Nf4 Kg7 14. c5 d5 15. Na4
Re8 16. Rde1 Rb8 17. f3 Bd7 18. Nb6 Qc7 19. Qf2 Re7 20. Ng2 Rbe8 21. h3 Be6 22.
Bc2 Bg5 23. Ka1 Bh6 24. a3 Bg5 25. Bd1 Rh8 26. Ref1 Qb8 27. Bc2 Qe8 28. Re1 Qb8
29. Ref1 Qe8 30. Na4 Bc8 31. Re1 Qd8 32. Nc3 Rhe8 33. Bd1 Rh8 34. Bc2 Rhe8 35.
Bd3 Qc7 36. Nd1 Rh8 37. Ref1 Qd8 38. Bb1 Bd7 39. Re1 Rhe8 40. Nc3 Qa5 41. Na2
b6 42. f4 Bh6 43. Rc1 b5 44. Nb4 Ra8 45. Nh4 Qd8 46. Nd3 Ne4 47. Qe1 f6 48. Rg1
Qc7 49. Bc2 Rae8 50. Bd1 g5 51. fxg5 fxg5 52. Nf3 Nf6 53. Nfe5 Bc8 54. Qf2 Kg8
55. Bf3 Bg7 56. Rce1 a5 57. Rh1 b4 58. Qc2 Ba6 59. a4 b3 60. Qxb3 Rb8 61. Qc2
Ne4 62. g4 fxg4 63. hxg4 h4 64. Bd1 Bxe5 65. Nxe5 Rxe5 66. dxe5 Qxe5 67. Qh2
Ng3 68. Rhg1 Bc4 69. Qd2 Ne4 70. Qd4 Qe7 71. Bc2 Nxc5 72. e4 Bb3 73. Qd2 dxe4
74. Bxe4 Nxe4 75. Rxe4 Qxe4 76. Qxg5+ Kf7 77. Rf1+ Ke8 78. Qxa5 Qxa4+ 0-1

[Event "Lliga Catalana DH"]
[Site "?"]
[Date "2015.02.28"]
[Round "6.3"]
[White "Mayans Calvo, M."]
[Black "Narciso Dublan, M."]
[Result "0-1"]
[WhiteElo "2339"]
[BlackElo "2570"]
[PlyCount "132"]
[EventDate "2015.??.??"]
[EventType "team"]

1. c4 e6 2. g3 d5 3. Bg2 Nf6 4. Nf3 g6 5. O-O Bg7 6. d3 O-O 7. Qc2 Qe7 8. Bf4
c5 9. Nc3 Nc6 10. cxd5 Nxd5 11. Bg5 f6 12. Nxd5 exd5 13. Be3 b6 14. d4 c4 15.
Nd2 Be6 16. Nb1 f5 17. Nc3 Qd7 18. Rad1 Rac8 19. Qd2 Rfe8 20. Rfe1 Bf7 21. f3
Rb8 22. Bf2 b5 23. e4 Ne7 24. e5 b4 25. Ne2 Nc6 26. h4 Nd8 27. h5 Ne6 28. Be3
a5 29. hxg6 hxg6 30. Bh6 a4 31. Bxg7 Kxg7 32. Qe3 Rb6 33. Kf2 Rh8 34. Rh1 Rbb8
35. Bh3 Qe7 36. Rdg1 a3 37. b3 cxb3 38. Qxb3 Qa7 39. Qe3 b3 40. axb3 Rb4 41.
Bxf5 Qb8 42. Bxe6 Bxe6 43. Qg5 Qd8 44. Nf4 Bf5 45. Qxf5 gxf5 46. Ne6+ Kg6 47.
Nxd8 Rxd8 48. Rh4 Rc8 49. Rgh1 Rc2+ 50. Ke3 Rc3+ 51. Ke2 Rbxb3 52. Rh6+ Kf7 53.
Rf6+ Kg7 54. Ra6 Rb2+ 55. Kd1 Rd3+ 56. Kc1 Rc3+ 57. Kd1 Rxf3 58. Kc1 Rc3+ 59.
Kd1 Rxg3 60. Kc1 Rc3+ 61. Kd1 f4 62. e6 Rb1+ 63. Kd2 Rxh1 64. Kxc3 f3 65. Ra7+
Kf6 66. e7 Kf7 0-1

[Event "Lliga Catalana DH"]
[Site "?"]
[Date "2015.02.28"]
[Round "6.4"]
[White "Romero Holmes, A."]
[Black "Fernandez Diaz, C."]
[Result "0-1"]
[WhiteElo "2540"]
[BlackElo "2336"]
[PlyCount "70"]
[EventDate "2015.??.??"]
[EventType "team"]

1. e4 c5 2. Ne2 Nc6 3. d4 cxd4 4. Nxd4 g6 5. c4 Nf6 6. Nc3 Nxd4 7. e5 Nc6 8.
exf6 e6 9. Bg5 h6 10. Bh4 g5 11. Bg3 Qxf6 12. Bd3 Be7 13. h4 a6 14. Na4 Ne5 15.
Nb6 Rb8 16. Qe2 Bb4+ 17. Kf1 d6 18. Be4 Bd7 19. Nxd7 Kxd7 20. Rd1 Ke7 21. a3
Ba5 22. c5 Bc7 23. cxd6+ Bxd6 24. Rxd6 Kxd6 25. Qd2+ Ke7 26. hxg5 hxg5 27. Qb4+
Ke8 28. Rxh8+ Qxh8 29. Qc3 Rd8 30. Bxe5 Qh1+ 31. Ke2 Qd1+ 32. Ke3 f5 33. Bd3
f4+ 34. Ke4 Qg4 35. Bc2 Qe2+ 0-1

[Event "Lliga Catalana DH"]
[Site "?"]
[Date "2015.02.28"]
[Round "6.5"]
[White "Amores Gago, J."]
[Black "Gual Pascual, A."]
[Result "0-1"]
[WhiteElo "2294"]
[BlackElo "2511"]
[PlyCount "120"]
[EventDate "2015.??.??"]
[EventType "team"]

1. e4 g6 2. Nc3 Bg7 3. g3 c5 4. Bg2 Nc6 5. d3 d6 6. f4 Rb8 7. Nf3 b5 8. O-O b4
9. Ne2 Nf6 10. h3 O-O 11. g4 Nd7 12. Ng3 Ba6 13. Re1 Bb5 14. h4 Nd4 15. h5 Ba4
16. Nxd4 Bxd4+ 17. Kh2 e5 18. f5 Qh4+ 19. Bh3 Bf2 20. Re3 Bxe3 21. Bxe3 Nf6 22.
b3 Bc6 23. g5 Nxh5 24. Nxh5 Qxh5 25. Qxh5 gxh5 26. a4 f6 27. Rg1 Kf7 28. Bf1
fxg5 29. Bxg5 h6 30. Bxh6 Rg8 31. Bg5 Rg7 32. Be2 Rh8 33. Kh3 d5 34. Kh4 Rgh7
35. Be3 dxe4 36. dxe4 Bxe4 37. Bc4+ Ke7 38. Bg5+ Kd6 39. Rd1+ Kc7 40. Be6 Rf8
41. f6 Bxc2 42. Rf1 Bd3 43. Rf3 Kd6 44. Bh3 e4 45. Rf5 c4 46. bxc4 Bxc4 47. Bd2
Rb7 48. Bf4+ Kc6 49. Bg2 Bd5 50. Bf1 b3 51. Bb5+ Rxb5 52. axb5+ Kxb5 53. Rxd5+
Kc4 54. Rd7 Rxf6 55. Bc1 Rf2 56. Rxa7 b2 57. Rc7+ Kd4 58. Rd7+ Ke5 59. Bxb2+
Rxb2 60. Kxh5 Rg2 0-1

[Event "Lliga Catalana DH"]
[Site "?"]
[Date "2015.02.28"]
[Round "6.6"]
[White "Bofill Mas, A."]
[Black "Montilla Carrillo, E."]
[Result "1-0"]
[WhiteElo "2437"]
[BlackElo "2295"]
[PlyCount "85"]
[EventDate "2015.??.??"]
[EventType "team"]

1. c4 Nf6 2. g3 c5 3. Bg2 Nc6 4. Nc3 g6 5. Nf3 Bg7 6. d4 cxd4 7. Nxd4 O-O 8.
O-O Ng4 9. e3 f5 10. Nde2 a6 11. c5 b5 12. e4 Ra7 13. exf5 gxf5 14. Nf4 Qe8 15.
h3 Nf6 16. Re1 Bb7 17. Be3 Qf7 18. Rc1 Raa8 19. Rc2 Rad8 20. Ncd5 Nxd5 21. Bxd5
e6 22. Bg2 Ba8 23. Rd2 Bh8 24. Qh5 Ne5 25. Qg5+ Bg7 26. Nh5 Nf3+ 27. Bxf3 Bxf3
28. Nxg7 Qxg7 29. Qxg7+ Kxg7 30. Bg5 Rc8 31. Rxd7+ Rf7 32. Bh6+ Kf6 33. Bg5+
Kxg5 34. Rxf7 Rxc5 35. Rxh7 Rc2 36. Ra7 Rxb2 37. Rxa6 Bd5 38. a3 Ra2 39. Raxe6
Bxe6 40. Rxe6 Rxa3 41. Kg2 b4 42. h4+ Kh5 43. Rf6 1-0

[Event "Lliga Catalana DH"]
[Site "?"]
[Date "2015.02.28"]
[Round "6.7"]
[White "Morros Faura, R."]
[Black "Aranaz Murillo, A."]
[Result "0-1"]
[WhiteElo "2289"]
[BlackElo "2344"]
[PlyCount "72"]
[EventDate "2015.??.??"]
[EventType "team"]

1. e4 e6 2. d4 d5 3. Nc3 Nf6 4. Bg5 Bb4 5. e5 h6 6. Be3 Ne4 7. Qg4 g6 8. a3
Bxc3+ 9. bxc3 h5 10. Qf4 c5 11. Bd3 Nxc3 12. dxc5 Nc6 13. Nf3 d4 14. Bd2 Nd5
15. Qe4 Nde7 16. O-O Qd5 17. Qf4 Nf5 18. Rfe1 Qxc5 19. Ng5 a6 20. a4 h4 21. Bc1
Qa5 22. Ba3 Nce7 23. Bxe7 Kxe7 24. Bxf5 gxf5 25. Nf3 Bd7 26. Qg5+ Kf8 27. Rad1
h3 28. Nxd4 hxg2 29. Re3 Qd8 30. Qxg2 f4 31. Qf3 Qg5+ 32. Kh1 fxe3 33. Qxb7 Rd8
34. Rg1 Qxe5 35. Qb4+ Ke8 36. fxe3 Qxh2# 0-1

[Event "Lliga Catalana DH"]
[Site "?"]
[Date "2015.02.28"]
[Round "6.8"]
[White "Ramirez Garcia, JA."]
[Black "Morais Carreras, J."]
[Result "1-0"]
[WhiteElo "2344"]
[BlackElo "2111"]
[PlyCount "93"]
[EventDate "2015.??.??"]
[EventType "team"]

1. e4 e5 2. Nf3 Nf6 3. Nxe5 d6 4. Nf3 Nxe4 5. Nc3 Nxc3 6. dxc3 Be7 7. Be3 Nc6
8. Qd2 Be6 9. O-O-O Bxa2 10. b3 a5 11. Kb2 a4 12. Ra1 axb3 13. cxb3 Bxb3 14.
Rxa8 Qxa8 15. Kxb3 Qa1 16. Kc2 O-O 17. Qc1 Qa4+ 18. Kd2 Na5 19. Ke1 Bf6 20. Bd3
Qc6 21. Ke2 Bxc3 22. Qa3 d5 23. Rc1 d4 24. Nxd4 Qxg2 25. Qxc3 Nc6 26. Nxc6 Qg4+
27. Kd2 bxc6 28. Qc4 Qh5 29. Qc5 Qg4 30. Rc4 Qh3 31. Qxc6 Qxh2 32. Qxc7 Qh1 33.
Rc1 Qd5 34. Qc5 Qa8 35. Qc6 Qa5+ 36. Ke2 Qh5+ 37. Qf3 Qe5 38. Qf5 Qh2 39. Be4
g6 40. Qf4 Qh5+ 41. Bf3 Qb5+ 42. Qc4 Qb2+ 43. Kf1 Qf6 44. Qf4 Qa6+ 45. Kg2 Rc8
46. Rxc8+ Qxc8 47. Qf6 1-0

[Event "Lliga Catalana DH"]
[Site "?"]
[Date "2015.02.28"]
[Round "6.9"]
[White "Gallardo Bernal, E."]
[Black "Lopez Agustench, E."]
[Result "0-1"]
[WhiteElo "2063"]
[BlackElo "2328"]
[PlyCount "98"]
[EventDate "2015.??.??"]
[EventType "team"]

1. e4 c5 2. Nf3 e6 3. d4 cxd4 4. Nxd4 a6 5. Nc3 Qc7 6. Be3 Bb4 7. Nde2 Nf6 8.
a3 Be7 9. h3 Nc6 10. Nd4 d6 11. g4 b5 12. Nxc6 Qxc6 13. Bg2 Bb7 14. Qe2 Rc8 15.
Rd1 O-O 16. f4 Nd7 17. O-O Qc7 18. g5 Rfe8 19. h4 Bf8 20. h5 Nb6 21. Qg4 Nc4
22. Bc1 Nxa3 23. g6 Nc4 24. gxh7+ Kxh7 25. Rf3 b4 26. b3 bxc3 27. Rg3 Nd2 28.
h6 g6 29. f5 exf5 30. exf5 Qc5+ 31. Kh2 Qxf5 32. Qxf5 gxf5 33. Bxb7 Re2+ 34.
Kh3 Rc5 35. Bxa6 Rf2 36. Bd3 Ne4 37. Bxe4 fxe4 38. Be3 Rh5+ 39. Kg4 Rff5 40.
Bf4 d5 41. Rxc3 Bxh6 42. Bxh6 Kxh6 43. b4 Rf6 44. b5 Rg5+ 45. Kh3 Kg7 46. Rc6
Rxc6 47. bxc6 Rg6 48. Rg1 Rxg1 49. c7 Rh1+ 0-1

[Event "Lliga Catalana DH"]
[Site "?"]
[Date "2015.02.28"]
[Round "6.10"]
[White "Yastrebova, T."]
[Black "Luque Marti, J."]
[Result "1-0"]
[WhiteElo "2109"]
[BlackElo "1964"]
[PlyCount "168"]
[EventDate "2015.??.??"]
[EventType "team"]

1. b3 c5 2. Bb2 Nc6 3. e3 e5 4. c4 g6 5. d3 Bg7 6. Nc3 Nge7 7. Nf3 O-O 8. Be2
d5 9. cxd5 Nxd5 10. Qd2 Be6 11. O-O Qe7 12. Rac1 Rfd8 13. Nxd5 Bxd5 14. Qc3 b6
15. Rfd1 f5 16. Nd2 Rd7 17. Bf1 Qg5 18. e4 Be6 19. Nf3 Qe7 20. a3 Rad8 21. Re1
Nd4 22. Nxd4 cxd4 23. Qc2 fxe4 24. Rxe4 Bd5 25. Ree1 Qd6 26. b4 Bh6 27. Rb1 Rc7
28. Qe2 Bg7 29. Rbc1 Rf7 30. Qg4 Be6 31. Qg3 Rdf8 32. Rc2 Rf4 33. f3 R4f5 34.
Bc1 Bd7 35. Bd2 Ba4 36. Rcc1 Bb5 37. Rc2 Ba4 38. Rcc1 R5f7 39. Qg4 Rf5 40. Qe4
R5f7 41. Rc4 Bb5 42. Rc2 Ba4 43. Rc4 Bb5 44. Rc2 Rc7 45. Rxc7 Qxc7 46. Rc1 Qd6
47. Qb7 Rf7 48. Rc8+ Bf8 49. Qa8 Ba6 50. Rd8 Rd7 51. Rxd7 Qxd7 52. Bh6 Qe7 53.
Qd5+ Qf7 54. Qd8 Bb7 55. Qb8 Bd5 56. Bxf8 Qxf8 57. Qxe5 Bf7 58. Qxd4 Qc8 59.
Qb2 Qe6 60. Qc1 Qe5 61. h3 Qd4+ 62. Kh2 Qe5+ 63. f4 Qd4 64. Qc8+ Kg7 65. Qc7
Qf2 66. Qe5+ Kg8 67. Be2 h5 68. Bf3 h4 69. Qg5 Qe1 70. Be4 a5 71. bxa5 bxa5 72.
Bxg6 Qg3+ 73. Qxg3 hxg3+ 74. Kxg3 Bxg6 75. d4 Kh8 76. Kh4 Kg8 77. g4 Kh8 78. f5
Bf7 79. g5 Kg8 80. g6 Bd5 81. f6 Kf8 82. Kg5 Kg8 83. Kh6 Kf8 84. f7 Bb3 1-0